Estimación e identificación taxonómica de la oferta pesquera en la Alta Guajira, para seleccionar especies potencialmente explotables y algunas recomendaciones que apunten a su sostenibilidad (Registro nro. 4637)

Detalles MARC
000 -CABECERA
Campo de control 00650nam a2200181 a 4500
005 - FECHA Y HORA DE LA ULTIMA TRANSACCION
Campo de control 20260410164330.0
008 - ELEMENTOS DE LONGITUD FIJA—INFORMACION GENERAL
Campo de control 140123b2003 ck ||||| |||| 00| 0 spa d
040 ## - FUENTE DE CATALOGACIÓN
Agencia catalogadora original CO-BoIAVH
Agencia transcriptora CO-BoIAVH
041 ## - IDIOMA
Código de idioma para texto/pista de sonido o título separado Español
044 ## - PAÍS DE PUBLICACIÓN
País de publicación Colombia
090 ## - CLASIFICACIÓN LOCAL
Colección IAVH
Consecutivo 00366
100 ## - ASIENTO PRINCIPAL--NOMBRE PERSONAL
Nombre personal Correa E., Fraddy
245 ## - MENCION DE TITULO
Título Estimación e identificación taxonómica de la oferta pesquera en la Alta Guajira, para seleccionar especies potencialmente explotables y algunas recomendaciones que apunten a su sostenibilidad
260 ## - PUBLICACION, DISTRIBUCION, ETC. (PIE DE IMPRENTA)
Lugar de publicación, distribución, etc. Ríohacha
Nombre del editor, distribuidor, etc. FAO
-- Instituto Alexander von Humboldt
Fecha de publicación, distribución, etc. 2003
300 ## - DESCRIPCION FISICA
Extensión 22 p.
Dimensiones 28 cm.
942 ## - ELEMENTOS ADICIONALES (KOHA)
Tipo de ítem Informe Técnico
Sistema de clasificación Local
Koha issues (borrowed), all copies 1
945 ## - PROCESAMIENTO LOCAL
AAAA-MM-DD - Fecha de ingreso o modificacion 2005-07-06
Existencias
Withdrawn status Lost status Sistema de Clasificación Damaged status No para préstamo Colección Inventariado Ubicación Permanente Ubicación actual Fecha de adquisición Fuente de Valor Total Checkouts Número topográfico Inventario / Código de Barras Checked out Date last seen Date checked out Ejemplar Price effective from Forma de adquisición Tipo de material
    Local     Humboldt Inventariado 2017 Bogotá Bogotá 06/07/2005 Lozada,Paola 2 IAVH-00366 019364 04/05/2026 10/04/2026 10/04/2026 Ej. 1 04/12/2012   Informe Técnico